| 000 | 00750cab a2200217 4500 | ||
|---|---|---|---|
| 001 | WB3045-04 | ||
| 008 | 090401t1994 xxu||||| |||| 00| 0 eng d | ||
| 035 | _a(Sirsi) u16206 | ||
| 041 | _aeng | ||
| 245 | _aModel performance bond | ||
| 260 | _c1994 | ||
| 350 | _a0 | ||
| 490 |
_aBuilding _v259(7871) 2 December 1994, 13(1) |
||
| 520 | _aThe Association of British Insurers has unveiled a model performance bond intended to become a standard guarantee for all construction industry clients and contractors. | ||
| 650 | _aASSOCIATION OF BRITISH INSURERS | ||
| 650 | _aPERFORMANCE BONDS | ||
| 650 | _aTRAFALGAR HOUSE CONSTRUCTION V GENERAL SURETY | ||
| 690 | _aBUILT ENVIRONMENT-BUILDING CONTRACT FORMS | ||
| 942 | _n0 | ||
| 948 | _c04/03/1997 | ||
| 999 |
_c10649 _d10649 |
||